ULTIMATE KANYE WEST SONG Quiz (2026 - BULLY) - Statistics

General Stats
  • This quiz has been taken 370 times
    255 since last reset
  • The average score is 103 of 234
Answer Stats
% Correct
Father
83%
King
79%
All The Love
76%
Ghost Town
76%
Good Morning
74%
All Falls Down
73%
Stronger
72%
I Wonder
71%
Violent Crimes
71%
Bully
69%
Heartless
69%
Power
69%
Bound 2
68%
Black Skinhead
67%
Dark Fantasy
67%
Preacher Man
67%
Runaway
67%
Carnival
65%
Flashing Lights
65%
God Is
65%
Good Night
65%
All Of TheLights
64%
All Of The Lights
(Interlude)
64%
Jesus Walks
64%
Beauty And The Beast
63%
Circles
63%
Devil In ANew Dress
63%
Drunk And Hot Girls
63%
Last Breath
63%
On Sight
63%
Donda
62%
Good Life
62%
Monster
62%
Otis
62%
Punch Drunk
62%
Barry Bonds
60%
Blood OnThe Leaves
60%
Champion
60%
Homecoming
60%
Late
60%
New Slaves
60%
Lost In TheWorld
59%
Whatever Works
59%
All Mine
58%
Gorgeous
58%
I ThoughtAbout Killing You
58%
No Church In The Wild
58%
Can't Tell Me Nothing
56%
Damn
56%
FatherStretch My Hands
56%
Gold Digger
56%
Hold My Liquor
56%
Intro
56%
Niggas In Paris
56%
Reborn
56%
Through The Wire
56%
Who WillSurvive In America
56%
Saint Pablo
55%
The New Workout Plan
55%
This One Here
55%
Touch The Sky
55%
Yikes
55%
Donda Chant
54%
Hell Of A Life
54%
Highs And Lows
54%
I Can't Wait
54%
Last Call
54%
Mama's Favorite
54%
No MoreParties In LA
54%
Spaceship
54%
The Glory
54%
This A Must
54%
We Don'tCare
54%
Big Brother
53%
Blame Game
53%
I Am A God
53%
No Mistakes
53%
Pt. 2
53%
So Appalled
53%
White Lines
53%
Heard 'Em Say
51%
Skit #1
51%
Skit #2
51%
Slow Jamz
51%
Workout Plan
51%
Burn
50%
Diamonds From Sierra Leone
50%
Diamonds From Sierra Leone (Remix)
50%
Wouldn'tLeave
50%
Bittersweet Poetry
49%
Everything I Am
49%
Family Business
49%
Sisters And Brothers
49%
Skit #3
49%
We Major
49%
4th Dimension
47%
Cudi Montage
47%
Field Trip
47%
Hurricane
47%
I'm In It
47%
Wake Up Mr. West
47%
Guilt Trip
46%
Love Lockdown
46%
Roses
46%
Skit #4
46%
Street Lights
46%
Vultures
46%
Water
46%
Waves
46%
Follow God
45%
Freeee (Ghost Town Pt. 2)
45%
Off The Grid
45%
On God
45%
School Spirit
45%
Wolves
45%
Closed OnSunday
44%
Crack Music
44%
Famous
44%
Kids SeeGhosts
44%
Life Of The Party
44%
RoboCop
44%
UltralightBeam
44%
Moon
42%
Say You Will
42%
Stars
42%
Drive Slow
41%
Paranoid
41%
Pinocchio Story
41%
Send It Up
41%
Two Words
41%
Welcome To Heartbreak
41%
Fade
40%
Fire
40%
Gone
40%
Graduation Day
40%
Hey Mama
40%
Jail
40%
Jesus Lord
40%
Lil Jimmy Skit
40%
Selah
40%
Addiction
38%
Bomb
38%
Breathe In Breathe Out
38%
Coldest Winter
38%
FML
38%
Fried
38%
Highlights
38%
Ok Ok
38%
Praise God
38%
School Spirit Skit 1
38%
School Spirit Skit 2
38%
530
37%
Junya
37%
30 Hours
36%
Amazing
36%
HeavenAnd Hell
36%
Low Lights
36%
RemoteControl
36%
Talking
36%
Use ThisGospel
36%
Feel The Love
35%
I Love Kanye
35%
Ok Ok pt 2
35%
Celebration
33%
Come ToLife
33%
Facts(Charlie Heat Version)
33%
Fuk Sumn
33%
Hoodrat
33%
I'll Fly Away
33%
Jail pt 2
33%
Never Let Me Down
33%
Slide
33%
BelieveWhat I Say
32%
Get Em High
32%
Jesus Lordpt 2
32%
Problematic
32%
River
32%
24
31%
Bad News
31%
Every Hour
31%
Frank's Track
31%
H.A.M
31%
Junya pt 2
31%
Lift Off
31%
Jesus Is Lord
29%
No ChildLeft Behind
29%
See You In My Nightmares
29%
Siiiiiiiiilver Surffffeeeeer Intermission
29%
Sky City
29%
Back To Me
28%
BegForgiveness
28%
EverythingWe Need
27%
Feedback
27%
Freestyle 4
27%
Husband
27%
Paid
27%
RemoteControl pt 2
27%
Do It
26%
Jonah
26%
Paperwork
26%
Promotion
26%
Real Friends
26%
Time Moving Slow
26%
Bring Me Down
24%
God Breathed
24%
Isabella
24%
Made InAmerica
24%
New Day
24%
Hands On
23%
IllestMotherfucker Alive
23%
Keys ToMy Life
23%
My Way Home
23%
New Again
23%
Primetime
23%
That's MyBitch
23%
Welcome ToThe Jungle
23%
Why I LoveYou
23%
Gotta HaveIt
22%
Pure Souls
22%
Tell TheVision
22%
Forever
21%
Keep MySpirit Alive
21%
Murder ToExcellence
19%
Keep MySpirit Alive pt 2
18%
Who GonStop Me
18%
ForeverRolling
17%
My Soul
17%
Lord INeed You
15%
The Joy
15%
Up From The Ashes
15%
Lifestyle
14%
Dead
12%
Never Abandon
Your Family
12%
No matching quizzes found
Score Distribution
Percent of People with Each Score
Percentile by Number Answered
Your Score History
You have not taken this quiz since the last reset